<?xml version="1.0" encoding="UTF-8"?>
<record
    xmlns:xsi="http://www.w3.org/2001/XMLSchema-instance"
    xsi:schemaLocation="http://www.loc.gov/MARC21/slim http://www.loc.gov/standards/marcxml/schema/MARC21slim.xsd"
    xmlns="http://www.loc.gov/MARC21/slim">

  <leader>01166nam a2200253 i 4500</leader>
  <controlfield tag="003">EG-ScBUE</controlfield>
  <controlfield tag="005">20240130100649.0</controlfield>
  <controlfield tag="008">110906m19511953ua     f     000 0 aara d</controlfield>
  <datafield tag="040" ind1=" " ind2=" ">
    <subfield code="a">EG-ScBUE</subfield>
    <subfield code="b">ara</subfield>
    <subfield code="e">rda</subfield>
    <subfield code="c">EG-ScBUE</subfield>
    <subfield code="d">EG-ScBUE</subfield>
  </datafield>
  <datafield tag="043" ind1=" " ind2=" ">
    <subfield code="a">f-ua---</subfield>
  </datafield>
  <datafield tag="082" ind1="0" ind2="4">
    <subfield code="2">22</subfield>
    <subfield code="a">962.04092</subfield>
    <subfield code="b">&#x647;&#x640; &#x64A; &#x643;</subfield>
  </datafield>
  <datafield tag="100" ind1="1" ind2=" ">
    <subfield code="9">26920</subfield>
    <subfield code="a">&#x647;&#x64A;&#x643;&#x644;&#x60C; &#x645;&#x62D;&#x645;&#x62F; &#x62D;&#x633;&#x64A;&#x646;&#x60C;</subfield>
    <subfield code="d">1888-1956&#x60C;</subfield>
    <subfield code="e">&#x645;&#x624;&#x644;&#x641;.</subfield>
  </datafield>
  <datafield tag="245" ind1="1" ind2="0">
    <subfield code="a">&#x645;&#x630;&#x643;&#x631;&#x627;&#x62A; &#x641;&#x64A; &#x627;&#x644;&#x633;&#x64A;&#x627;&#x633;&#x629; &#x627;&#x644;&#x645;&#x635;&#x631;&#x64A;&#x629; /</subfield>
    <subfield code="c">&#x628;&#x642;&#x644;&#x645; &#x645;&#x62D;&#x645;&#x62F; &#x62D;&#x633;&#x64A;&#x646; &#x647;&#x64A;&#x643;&#x644;.</subfield>
  </datafield>
  <datafield tag="264" ind1=" " ind2="1">
    <subfield code="a">&#x627;&#x644;&#x642;&#x627;&#x647;&#x631;&#x629; :</subfield>
    <subfield code="b">&#x645;&#x643;&#x62A;&#x628;&#x629; &#x627;&#x644;&#x646;&#x647;&#x636;&#x629; &#x627;&#x644;&#x645;&#x635;&#x631;&#x64A;&#x629; :</subfield>
    <subfield code="b">&#x645;&#x637;&#x628;&#x639;&#x629; &#x645;&#x635;&#x631;&#x60C;</subfield>
    <subfield code="c">1951-1953.</subfield>
  </datafield>
  <datafield tag="300" ind1=" " ind2=" ">
    <subfield code="a">2 &#x645;&#x62C;&#x644;&#x62F; &#x61B;</subfield>
    <subfield code="c">24 &#x633;&#x645;</subfield>
  </datafield>
  <datafield tag="336" ind1=" " ind2=" ">
    <subfield code="2">rdacontent</subfield>
    <subfield code="a">&#x646;&#x635;</subfield>
    <subfield code="b">txt</subfield>
  </datafield>
  <datafield tag="337" ind1=" " ind2=" ">
    <subfield code="a">&#x628;&#x62F;&#x648;&#x646; &#x648;&#x633;&#x64A;&#x637;</subfield>
    <subfield code="2">rdamedia</subfield>
    <subfield code="b">n</subfield>
  </datafield>
  <datafield tag="338" ind1=" " ind2=" ">
    <subfield code="a">&#x645;&#x62C;&#x644;&#x62F;</subfield>
    <subfield code="b">nc</subfield>
    <subfield code="2">rdacarrier</subfield>
  </datafield>
  <datafield tag="505" ind1="0" ind2=" ">
    <subfield code="a">&#x627;&#x644;&#x645;&#x62C;&#x644;&#x62F; &#x627;&#x644;&#x623;&#x648;&#x644;. &#x645;&#x646; &#x633;&#x646;&#x629; 1912 &#x625;&#x644;&#x649; &#x633;&#x646;&#x629; 1937 -- &#x627;&#x644;&#x645;&#x62C;&#x644;&#x62F; &#x627;&#x644;&#x62B;&#x627;&#x646;&#x64A;. &#x645;&#x646; 29 &#x64A;&#x648;&#x644;&#x64A;&#x629; &#x633;&#x646;&#x629; 1937 &#x625;&#x644;&#x649; 26 &#x64A;&#x648;&#x644;&#x64A;&#x629; &#x633;&#x646;&#x629; 1952.</subfield>
  </datafield>
  <datafield tag="600" ind1="1" ind2="7">
    <subfield code="2">BUEsh</subfield>
    <subfield code="a">&#x202A;&#x647;&#x64A;&#x643;&#x644;&#x60C; &#x645;&#x62D;&#x645;&#x62F; &#x62D;&#x633;&#x64A;&#x646;&#x60C;</subfield>
    <subfield code="d">1888-1956</subfield>
    <subfield code="v">&#x645;&#x630;&#x643;&#x631;&#x627;&#x62A;.</subfield>
  </datafield>
  <datafield tag="651" ind1=" " ind2="7">
    <subfield code="9">27035</subfield>
    <subfield code="a">&#x645;&#x635;&#x631;</subfield>
    <subfield code="x">&#x62A;&#x627;&#x631;&#x64A;&#x62E;</subfield>
    <subfield code="y">&#x627;&#x644;&#x639;&#x635;&#x631; &#x627;&#x644;&#x62D;&#x62F;&#x64A;&#x62B;</subfield>
    <subfield code="y">&#x627;&#x644;&#x627;&#x62D;&#x62A;&#x644;&#x627;&#x644; &#x627;&#x644;&#x628;&#x631;&#x64A;&#x637;&#x627;&#x646;&#x64A; (1882-1956).</subfield>
    <subfield code="2">BUEsh</subfield>
  </datafield>
  <datafield tag="655" ind1=" " ind2=" ">
    <subfield code="v">Reading book</subfield>
  </datafield>
  <datafield tag="942" ind1=" " ind2=" ">
    <subfield code="2">ddc</subfield>
    <subfield code="c">BB</subfield>
  </datafield>
  <datafield tag="999" ind1=" " ind2=" ">
    <subfield code="c">15965</subfield>
    <subfield code="d">15965</subfield>
  </datafield>
  <datafield tag="952" ind1=" " ind2=" ">
    <subfield code="0">0</subfield>
    <subfield code="1">0</subfield>
    <subfield code="2">ddc</subfield>
    <subfield code="4">0</subfield>
    <subfield code="7">0</subfield>
    <subfield code="8">Alef-Baa</subfield>
    <subfield code="a">MAIN</subfield>
    <subfield code="b">MAIN</subfield>
    <subfield code="c">2ND</subfield>
    <subfield code="d">2011-09-06</subfield>
    <subfield code="e">Purchase</subfield>
    <subfield code="o">962.04092 &#x647;&#x640; &#x64A; &#x643;</subfield>
    <subfield code="p">000024669</subfield>
    <subfield code="r">2025-07-15 00:00:00</subfield>
    <subfield code="y">BB</subfield>
  </datafield>
</record>
